[Event "La Guajira-ch"]
[Site "Maicao"]
[Date "2023.03.16"]
[Round "1"]
[White "Coma, Dorian"]
[Black "Angulo Pimienta, Angel Gabriel"]
[Result "0-1"]
[WhiteElo "1841"]
[BlackElo "2014"]
[PlyCount "70"]
[EventDate "2023.03.16"]
[EventType "tourn (rapid)"]
[EventRounds "17"]
[EventCountry "COL"]
[SourceTitle "CBM 213 Extra"]
[Source "ChessBase"]
[SourceDate "2023.05.31"]
[SourceVersion "1"]
[SourceVersionDate "2023.05.31"]
[SourceQuality "1"]

1. d4 Nf6 2. Bf4 d6 3. Nc3 c6 4. e4 g6 5. Qd2 h5 6. Nf3 Bg7 7. Bc4 b5 8. Bd3 b4 9. Ne2 Nbd7 10. Qxb4 0-0 11. Qd2 Re8 12. 0-0 e5 13. Bg5 Qc7 14. Rfe1 Rb8 15. b3 Nf8 16. dxe5 dxe5 17. Qc3 Ne6 18. Bh4 Nd7 19. Rad1 Nf4 20. Nxf4 exf4 21. Qd2 f6 22. e5 Nxe5 23. Nxe5 Rxe5 24. Bxg6 Be6 25. Rxe5 Qxe5 26. Qd6 Rc8 27. Qxe5 fxe5 28. Bxh5 Bf5 29. c4 e4 30. Bg5 Be5 31. Rd8+ Rxd8 32. Bxd8 Bd4 33. Bg5 e3 34. fxe3 fxe3 35. Bf3 e2+ 0-1

[Event "COL-chT"]
[Site "Bucaramanga"]
[Date "2022.09.08"]
[Round "5.1"]
[White "Angulo Pimienta, Angel Gabriel"]
[Black "Ortiz Perez, Javier Augusto"]
[Result "0-1"]
[WhiteElo "2011"]
[BlackElo "1880"]
[PlyCount "33"]
[EventDate "2022.09.06"]
[EventType "team-swiss"]
[EventRounds "7"]
[EventCountry "COL"]
[SourceTitle "CBM 210 Extra"]
[Source "ChessBase"]
[SourceDate "2022.11.30"]
[SourceVersion "1"]
[SourceVersionDate "2022.11.30"]
[SourceQuality "1"]
[WhiteTeam "Guajira"]
[BlackTeam "Santander Norgtech"]
[WhiteTeamCountry "COL"]
[BlackTeamCountry "COL"]

1. d4 Nf6 2. Nf3 e6 3. Nc3 d5 4. Bg5 Be7 5. Bxf6 Bxf6 6. e4 dxe4 7. Nxe4 Be7 8. Bd3 b6 9. c3 Bb7 10. Qc2 Nd7 11. 0-0-0 a5 12. Rhe1 a4 13. Kb1 Ra5 14. Ne5 b5 15. Nc5 Nxc5 16. dxc5 0-0 17. Nc6 0-1

[Event "COL-chT"]
[Site "Ibague"]
[Date "2017.07.20"]
[Round "3.1"]
[White "Neira, Oscar Roberto"]
[Black "Angulo Pimienta, Angel Gabriel"]
[Result "1-0"]
[WhiteElo "1904"]
[BlackElo "1997"]
[PlyCount "123"]
[EventDate "2017.07.19"]
[EventType "team-swiss"]
[EventRounds "6"]
[EventCountry "COL"]
[SourceTitle "CBM 179 Extra"]
[Source "ChessBase"]
[SourceDate "2017.08.23"]
[SourceVersion "1"]
[SourceVersionDate "2017.08.23"]
[SourceQuality "1"]
[WhiteTeam "Tolima IV"]
[BlackTeam "Guajira"]
[WhiteTeamCountry "COL"]
[BlackTeamCountry "COL"]

1. e4 d6 2. d4 g6 3. Bc4 Bg7 4. c3 Nf6 5. Nd2 0-0 6. Ngf3 c6 7. a4 d5 8. Bd3 dxe4 9. Nxe4 Nbd7 10. 0-0 Nxe4 11. Bxe4 Nf6 12. Bd3 Qc7 13. Bg5 Be6 14. Qd2 Rfd8 15. Bf4 Qc8 16. Bh6 Bd5 17. Bxg7 Bxf3 18. Bxf6 Bxg2 19. Be5 Qh3 20. Rfe1 Bd5 21. Re4 Bxe4 22. Bxe4 f6 23. Bg3 e5 24. Bg2 Qf5 25. Qe2 exd4 26. Qc4+ Kg7 27. cxd4 Rd7 28. Re1 Rad8 29. Qb4 a5 30. Qc4 Rxd4 31. Re7+ Kh6 32. Qf7 Rd1+ 33. Bf1 Qg4 34. Qe6 Qxe6 35. Rxe6 Kg5 36. Kg2 Kf5 37. Re3 g5 38. h4 h6 39. Bc4 gxh4 40. Bxh4 R1d4 41. Be6+ Kf4 42. Bxf6 Rd3 43. Bxd8 Rxd8 44. Rb3 Re8 45. Bd7 Rb8 46. Kf1 c5 47. Rb6 Ke4 48. Rxh6 Kd3 49. Rh3+ Kc2 50. b3 Rd8 51. Be6 Rd4 52. Ke2 Rd2+ 53. Kf3 Rd3+ 54. Kg4 Rd6 55. Re3 Rxe6 56. Rxe6 Kxb3 57. f4 c4 58. f5 c3 59. Re3 Kxa4 60. Rxc3 b5 61. f6 b4 62. Rc1 1-0

[Event "La Candelaria Cup"]
[Site "Complejo de Raquetas"]
[Date "2013.02.02"]
[Round "5"]
[White "Castaneda, Jorge Luis"]
[Black "Angulo Pimienta, Angel Gabriel"]
[Result "1/2-1/2"]
[WhiteElo "2199"]
[BlackElo "1998"]
[PlyCount "34"]
[EventDate "2013.01.30"]
[EventType "swiss"]
[EventRounds "7"]
[EventCountry "COL"]
[SourceTitle "CBM 152 Extra"]
[Source "ChessBase"]
[SourceDate "2013.02.25"]
[SourceVersion "1"]
[SourceVersionDate "2013.02.25"]
[SourceQuality "1"]

1. d4 Nf6 2. Bg5 Ne4 3. Bf4 d5 4. f3 Nd6 5. Nc3 e6 6. e4 c6 7. Bd3 Be7 8. Nge2 Na6 9. a3 Nc4 10. Qc1 Bf6 11. b3 Nb6 12. e5 Be7 13. b4 Nc7 14. Nd1 Nc4 15. c3 a5 16. 0-0 b6 17. Qb1 Ba6 1/2-1/2

[Event "Pamplona Sub zt 2.3"]
[Site "Pamplona"]
[Date "2012.11.08"]
[Round "7"]
[White "Angulo Pimienta, Angel Gabriel"]
[Black "Bolivar, Jeison"]
[Result "0-1"]
[WhiteElo "1969"]
[BlackElo "2101"]
[PlyCount "138"]
[EventDate "2012.11.05"]
[EventType "swiss"]
[EventRounds "9"]
[EventCountry "COL"]
[SourceTitle "EXT 2013"]
[Source "ChessBase"]
[SourceDate "2012.11.22"]
[SourceVersion "1"]
[SourceVersionDate "2012.11.22"]
[SourceQuality "1"]

1. e4 c5 2. Nf3 d6 3. Bb5+ Nd7 4. 0-0 Ngf6 5. Nc3 a6 6. Be2 e6 7. b3 Be7 8. Bb2 0-0 9. d3 e5 10. Nd2 b5 11. f4 exf4 12. Rxf4 Ne5 13. h3 Be6 14. Rf1 Nfd7 15. Nd5 Bg5 16. Nf3 Nxf3+ 17. Bxf3 Bxd5 18. exd5 Bf6 19. Bxf6 Qxf6 20. Qd2 b4 21. a3 a5 22. Ra2 Qd4+ 23. Kh1 Nf6 24. Rfa1 Rae8 25. axb4 axb4 26. Qg5 h6 27. Qg3 Rd8 28. Re1 Nxd5 29. Re4 Qf6 30. Rg4 Nc3 31. Ra7 Rde8 32. Qf4 Qxf4 33. Rxf4 Ne2 34. Rg4 Nd4 35. Rd7 Nxf3 36. gxf3 Re2 37. Rg2 Rfe8 38. Rxd6 Rxg2 39. Kxg2 Re2+ 40. Kg3 Rxc2 41. d4 c4 42. bxc4 Rxc4 43. Rd7 b3 44. Rb7 Rxd4 45. Rxb3 g5 46. Rb2 Kg7 47. Ra2 Kg6 48. Rb2 h5 49. Ra2 h4+ 50. Kf2 Kf5 51. Rb2 Kf4 52. Ra2 f6 53. Rb2 Rc4 54. Ra2 Ke5 55. Rb2 Kd4 56. Re2 f5 57. Rb2 Kc3 58. Re2 Kd4 59. Rb2 f4 60. Re2 Kd3 61. Re8 Rc2+ 62. Kg1 Re2 63. Rg8 Ke3 64. Rxg5 Kxf3 65. Rg4 Re1+ 66. Kh2 Ke3 67. Rxh4 f3 68. Rh8 f2 69. Re8+ Kd4 0-1

[Event "Pamplona Sub zt 2.3"]
[Site "Pamplona"]
[Date "2012.11.08"]
[Round "8"]
[White "Arismendi Polanco, Efrain Steven"]
[Black "Angulo Pimienta, Angel Gabriel"]
[Result "1/2-1/2"]
[WhiteElo "1760"]
[BlackElo "1969"]
[PlyCount "86"]
[EventDate "2012.11.05"]
[EventType "swiss"]
[EventRounds "9"]
[EventCountry "COL"]
[SourceTitle "EXT 2013"]
[Source "ChessBase"]
[SourceDate "2012.11.22"]
[SourceVersion "1"]
[SourceVersionDate "2012.11.22"]
[SourceQuality "1"]

1. e4 d5 2. exd5 Qxd5 3. Nc3 Qa5 4. Bc4 Nf6 5. Nf3 Bg4 6. d3 c6 7. Bd2 Qh5 8. Qe2 Nbd7 9. d4 e6 10. 0-0-0 Bd6 11. Kb1 0-0-0 12. h3 Bxf3 13. gxf3 Nb6 14. Bb3 Rhe8 15. Rdg1 e5 16. Rg5 exd4 17. Rxh5 Rxe2 18. Nxe2 Nxh5 19. Bxf7 d3 20. Bxh5 dxe2 21. f4 g6 22. Bxe2 Rf8 23. Bg4+ Kc7 24. Re1 Nd5 25. Re4 Bxf4 26. Bxf4+ Rxf4 27. Rxf4 Nxf4 28. h4 Kd6 29. Kc1 Ke5 30. Kd2 c5 31. Bf3 b6 32. Ke3 Ne6 33. c3 Ng7 34. Be4 Nf5+ 35. Bxf5 Kxf5 36. Kf3 h5 37. c4 g5 38. hxg5 Kxg5 39. Kg3 Kf5 40. b3 Ke4 41. a3 Kd3 42. Kh4 Ke4 43. Kxh5 Kf3 1/2-1/2

[Event "Pamplona Sub zt 2.3"]
[Site "Pamplona"]
[Date "2012.11.06"]
[Round "4"]
[White "Ruiz Aguilar, Pablo Alexander"]
[Black "Angulo Pimienta, Angel Gabriel"]
[Result "1-0"]
[WhiteElo "2339"]
[BlackElo "1969"]
[PlyCount "73"]
[EventDate "2012.11.05"]
[EventType "swiss"]
[EventRounds "9"]
[EventCountry "COL"]
[SourceTitle "EXT 2013"]
[Source "ChessBase"]
[SourceDate "2012.11.22"]
[SourceVersion "1"]
[SourceVersionDate "2012.11.22"]
[SourceQuality "1"]

1. e4 d6 2. d4 g6 3. Nc3 Bg7 4. Bg5 c6 5. Qd2 b5 6. h4 h5 7. Nh3 Nd7 8. f3 Nb6 9. Be2 Nc4 10. Bxc4 bxc4 11. Be3 Nh6 12. Nf2 d5 13. Na4 dxe4 14. fxe4 Ng4 15. Nxg4 Bxg4 16. Qc3 0-0 17. Qxc4 e5 18. d5 cxd5 19. Qxd5 Qc8 20. 0-0 Qxc2 21. Rxf7 Rxf7 22. Qxa8+ Kh7 23. Qd5 Rd7 24. Qb3 Qe2 25. Nc5 Rc7 26. Rf1 Bh6 27. Bxh6 Kxh6 28. Qc3 a5 29. a3 a4 30. Rf2 Qd1+ 31. Kh2 Qd6 32. Qe3+ Kh7 33. Nxa4 Rc4 34. Rf7+ Kg8 35. Qa7 Be6 36. Rg7+ Kf8 37. Rh7 1-0

[Event "Pamplona Sub zt 2.3"]
[Site "Pamplona"]
[Date "2012.11.05"]
[Round "2"]
[White "Fonseca Pinto, Carlos Arturo"]
[Black "Angulo Pimienta, Angel Gabriel"]
[Result "1/2-1/2"]
[WhiteElo "2098"]
[BlackElo "1969"]
[PlyCount "141"]
[EventDate "2012.11.05"]
[EventType "swiss"]
[EventRounds "9"]
[EventCountry "COL"]
[SourceTitle "EXT 2013"]
[Source "ChessBase"]
[SourceDate "2012.11.22"]
[SourceVersion "1"]
[SourceVersionDate "2012.11.22"]
[SourceQuality "1"]

1. e4 d6 2. d4 g6 3. Nf3 Bg7 4. Bc4 Nf6 5. Qe2 d5 6. exd5 Nxd5 7. Bb3 0-0 8. 0-0 Bg4 9. c3 Nc6 10. h3 Bxf3 11. Qxf3 e6 12. Nd2 a5 13. a3 a4 14. Bc2 Qf6 15. Re1 Qxf3 16. Nxf3 Nb6 17. Bd3 Rfe8 18. Bd2 Na5 19. Rad1 Nac4 20. Bc1 c6 21. Re2 Rad8 22. Rde1 Rd7 23. Ng5 Nd6 24. Bf4 Nbc4 25. Nf3 b5 26. g4 Rc8 27. Kg2 c5 28. Ne5 Nxe5 29. dxe5 c4 30. exd6 cxd3 31. Rd2 e5 32. Bg3 Rxd6 33. Re3 Bh6 34. Rexd3 Bxd2 35. Rxd6 Bc1 36. Rd5 Bxb2 37. Rxb5 Bxc3 38. Bxe5 f6 39. Bd6 Kf7 40. Bb4 Ke6 41. Ra5 Bxb4 42. axb4 Rb8 43. Rxa4 Rb6 44. Kf3 Kd5 45. Ra7 Rxb4 46. Rxh7 Rb3+ 47. Kg2 g5 48. Re7 Ra3 49. f3 Rb3 50. Kg3 Ra3 51. Re8 Rb3 52. Ra8 Ke5 53. Ra5+ Ke6 54. Rf5 Kf7 55. h4 gxh4+ 56. Kxh4 Kg6 57. Kg3 Ra3 58. Rb5 Ra6 59. f4 Ra1 60. Rb6 Rg1+ 61. Kf3 Rf1+ 62. Ke3 Kg7 63. Ke4 Ra1 64. f5 Ra4+ 65. Kf3 Ra3+ 66. Kf4 Ra4+ 67. Kg3 Ra3+ 68. Kh4 Ra7 69. Kh5 Rc7 70. g5 fxg5 71. Kxg5 1/2-1/2

[Event "Maicao op"]
[Site "Maicao"]
[Date "2012.10.13"]
[Round "2"]
[White "Mendoza, Rafael Enrique"]
[Black "Angulo Pimienta, Angel Gabriel"]
[Result "1-0"]
[WhiteElo "2343"]
[BlackElo "1969"]
[PlyCount "38"]
[EventDate "2012.10.13"]
[EventType "swiss"]
[EventRounds "6"]
[EventCountry "COL"]
[SourceTitle "EXT 2013"]
[Source "ChessBase"]
[SourceDate "2012.11.22"]
[SourceVersion "1"]
[SourceVersionDate "2012.11.22"]
[SourceQuality "1"]

1. e4 d6 2. d4 g6 3. Nc3 Bg7 4. Nf3 c6 5. a4 Nf6 6. h3 0-0 7. Be2 d5 8. e5 Ne4 9. 0-0 f5 10. exf6 exf6 11. Bd3 f5 12. Ne2 Nd7 13. c4 Nb6 14. c5 Nd7 15. Re1 Qf6 16. a5 Rf7 17. Bf4 h6 18. Nh2 Nf8 19. Nf3 Ne6 1-0

[Event "Pan American-ch"]
[Site "Cartagena"]
[Date "2012.07.07"]
[Round "7"]
[White "Petro, Manuel"]
[Black "Angulo Pimienta, Angel Gabriel"]
[Result "1/2-1/2"]
[WhiteElo "1633"]
[BlackElo "1969"]
[PlyCount "53"]
[EventDate "2012.07.04"]
[EventType "swiss"]
[EventRounds "9"]
[EventCountry "COL"]
[SourceTitle "CBM 149 Extra"]
[Source "ChessBase"]
[SourceDate "2012.08.24"]
[SourceVersion "1"]
[SourceVersionDate "2012.08.24"]
[SourceQuality "1"]

1. e4 e6 2. d4 d5 3. Nc3 Bb4 4. e5 c5 5. a3 cxd4 6. axb4 dxc3 7. bxc3 Qc7 8. Qd4 Ne7 9. f4 Nbc6 10. Bb5 Bd7 11. Bxc6 Nxc6 12. Qe3 b5 13. Nf3 0-0 14. 0-0 a5 15. bxa5 Nxa5 16. Qd3 Qc4 17. Ba3 Rfc8 18. Qxc4 Nxc4 19. Bb4 Ne3 20. Rxa8 Rxa8 21. Rc1 f6 22. Kf2 Nc4 23. Re1 Ra2 24. Re2 Kf7 25. g4 fxe5 26. Nxe5+ Nxe5 27. fxe5 1/2-1/2

[Event "Pan American-ch"]
[Site "Cartagena"]
[Date "2012.07.05"]
[Round "3"]
[White "Angulo Pimienta, Angel Gabriel"]
[Black "Gomez, John David"]
[Result "1-0"]
[WhiteElo "1969"]
[BlackElo "1987"]
[PlyCount "89"]
[EventDate "2012.07.04"]
[EventType "swiss"]
[EventRounds "9"]
[EventCountry "COL"]
[SourceTitle "CBM 149 Extra"]
[Source "ChessBase"]
[SourceDate "2012.08.24"]
[SourceVersion "1"]
[SourceVersionDate "2012.08.24"]
[SourceQuality "1"]

1. e4 c5 2. Nf3 d6 3. Bb5+ Bd7 4. Bxd7+ Nxd7 5. b3 Ngf6 6. Qe2 g6 7. Bb2 Bg7 8. 0-0 0-0 9. c4 e5 10. Nc3 Nh5 11. Nd5 Ndf6 12. g3 Nxd5 13. cxd5 f5 14. d3 Bh6 15. Nh4 Nf4 16. Qd1 fxe4 17. dxe4 Qf6 18. f3 Nh5 19. Ng2 Qe7 20. Qd3 a6 21. a4 Rf7 22. Rae1 Raf8 23. Qe2 Qd7 24. Ne3 b5 25. axb5 axb5 26. Ng4 Bg7 27. Ra1 Nf6 28. Nxf6+ Bxf6 29. Ra6 Rc8 30. Rfa1 Bg5 31. Kg2 Rcf8 32. Ra8 Qb7 33. Rxf8+ Rxf8 34. Bc3 Rc8 35. Ra5 c4 36. bxc4 Rxc4 37. Be1 Qc7 38. Ra2 b4 39. Ra8+ Kg7 40. Ra7 Qxa7 41. Qxc4 Qc5 42. Qxb4 Qc2+ 43. Bf2 Bd2 44. Qb6 Kh6 45. Qxd6 1-0

[Event "Pan American-ch"]
[Site "Cartagena"]
[Date "2012.07.05"]
[Round "4"]
[White "Martinez Llamas, Amaury A"]
[Black "Angulo Pimienta, Angel Gabriel"]
[Result "1/2-1/2"]
[WhiteElo "1800"]
[BlackElo "1969"]
[PlyCount "104"]
[EventDate "2012.07.04"]
[EventType "swiss"]
[EventRounds "9"]
[EventCountry "COL"]
[SourceTitle "CBM 149 Extra"]
[Source "ChessBase"]
[SourceDate "2012.08.24"]
[SourceVersion "1"]
[SourceVersionDate "2012.08.24"]
[SourceQuality "1"]

1. d4 Nf6 2. c4 g6 3. Nc3 d5 4. Bf4 c6 5. e3 Bg7 6. Nf3 0-0 7. Bd3 Nbd7 8. h3 dxc4 9. Bxc4 Nb6 10. Bb3 Nbd5 11. Be5 Nxc3 12. bxc3 Qa5 13. Rc1 Bf5 14. Qe2 Ne8 15. 0-0 Bxe5 16. Nxe5 Ng7 17. e4 Be6 18. c4 f6 19. Nd3 Bf7 20. d5 Qc7 21. Rfe1 e6 22. e5 exd5 23. cxd5 fxe5 24. Nxe5 Rae8 25. Qb2 Qa5 26. dxc6 bxc6 27. Re3 Bxb3 28. Qxb3+ Qd5 29. Nxc6 Qxb3 30. axb3 Rxe3 31. fxe3 Rf7 32. Ra1 Rb7 33. b4 Rb6 34. Ne7+ Kf8 35. Nd5 Rb7 36. Kf2 Kf7 37. Rc1 Ke6 38. e4 Ke5 39. Rc7 Rxc7 40. Nxc7 Kxe4 41. Nb5 Kd5 42. Nxa7 Kc4 43. b5 Kc5 44. Kf3 Kb6 45. Nc8+ Kxb5 46. Kf4 Kc6 47. Kg5 Kd7 48. Nb6+ Ke6 49. Kh6 Nh5 50. Kxh7 Nf4 51. g3 Nxh3 52. Kxg6 Nf2 1/2-1/2

[Event "Puerto Boyaca op"]
[Site "Puerto Boyaca"]
[Date "2012.05.01"]
[Round "10"]
[White "Angulo Pimienta, Angel Gabriel"]
[Black "Munoz, Julian Andres"]
[Result "1/2-1/2"]
[WhiteElo "1958"]
[BlackElo "2176"]
[PlyCount "62"]
[EventDate "2012.04.26"]
[EventType "swiss"]
[EventRounds "10"]
[EventCountry "COL"]
[SourceTitle "CBM 148 Extra"]
[Source "ChessBase"]
[SourceDate "2012.06.22"]
[SourceVersion "1"]
[SourceVersionDate "2012.06.22"]
[SourceQuality "1"]

1. e4 c5 2. Nf3 Nc6 3. d4 cxd4 4. Nxd4 Nf6 5. Nc3 e5 6. Nb3 Bb4 7. Bd3 d5 8. exd5 Nxd5 9. Bd2 Nxc3 10. bxc3 Be7 11. 0-0 0-0 12. f4 f5 13. fxe5 Nxe5 14. Qe2 Nxd3 15. cxd3 Bf6 16. d4 Re8 17. Qd3 Be6 18. Nc5 Bd5 19. Qxf5 Re2 20. Rf2 Rxf2 21. Qxf2 Qe8 22. Re1 Qg6 23. Nd7 Bxa2 24. Nxf6+ Qxf6 25. Qxf6 gxf6 26. Re7 a5 27. Bc1 b5 28. Ba3 Rb8 29. Bd6 Rb6 30. Bc5 Re6 31. Rxe6 Bxe6 1/2-1/2

[Event "Puerto Boyaca op"]
[Site "Puerto Boyaca"]
[Date "2012.04.29"]
[Round "6"]
[White "Cuevas Sanchez, Bramdon Daniel"]
[Black "Angulo Pimienta, Angel Gabriel"]
[Result "0-1"]
[WhiteElo "1617"]
[BlackElo "1958"]
[PlyCount "48"]
[EventDate "2012.04.26"]
[EventType "swiss"]
[EventRounds "10"]
[EventCountry "COL"]
[SourceTitle "CBM 148 Extra"]
[Source "ChessBase"]
[SourceDate "2012.06.22"]
[SourceVersion "1"]
[SourceVersionDate "2012.06.22"]
[SourceQuality "1"]

1. e4 e6 2. d4 d5 3. exd5 exd5 4. Nf3 Nf6 5. Bf4 Be7 6. c3 0-0 7. Bd3 Bg4 8. Nbd2 c5 9. dxc5 Bxc5 10. 0-0 Nc6 11. Qc2 Bb6 12. Bg5 h6 13. Bf4 d4 14. cxd4 Nxd4 15. Nxd4 Rc8 16. Qb3 Bxd4 17. Nc4 b5 18. Nd6 Nh5 19. Nxc8 Nxf4 20. Nxa7 Bxa7 21. Bxb5 Qg5 22. Rfe1 Nh3+ 23. gxh3 Bf3+ 24. Kf1 Qg2# 0-1

[Event "Puerto Boyaca op"]
[Site "Puerto Boyaca"]
[Date "2012.04.28"]
[Round "4"]
[White "Nino, Juan Camilo"]
[Black "Angulo Pimienta, Angel Gabriel"]
[Result "1/2-1/2"]
[WhiteElo "2059"]
[BlackElo "1958"]
[PlyCount "49"]
[EventDate "2012.04.26"]
[EventType "swiss"]
[EventRounds "10"]
[EventCountry "COL"]
[SourceTitle "CBM 148 Extra"]
[Source "ChessBase"]
[SourceDate "2012.06.22"]
[SourceVersion "1"]
[SourceVersionDate "2012.06.22"]
[SourceQuality "1"]

1. e4 e6 2. d4 d5 3. Nc3 Bb4 4. e5 c5 5. a3 cxd4 6. axb4 dxc3 7. Nf3 Qc7 8. bxc3 Qxc3+ 9. Bd2 Qc7 10. Bd3 Nd7 11. Qe2 Nb6 12. 0-0 Ne7 13. Nd4 Bd7 14. Bg5 Nc4 15. f4 Nc6 16. Nxc6 Qxc6 17. f5 exf5 18. Qh5 Qg6 19. Qh4 0-0 20. Bxc4 dxc4 21. Rf3 h6 22. Bf6 Qg4 23. Rg3 Qxh4 24. Rxg7+ Kh8 25. Rg5+ 1/2-1/2